Mots cachés Pokémon 7G - Statistiques

Statistiques générales
  • Ce quiz a été pris 17 fois
  • Le résultat moyen est 10 sur 20
Statistiques - réponses
Mot caché Réponse % Correct
bbdmoouy Bombydou
100%
binoorrsu Bourrinos
100%
cmmoosuv Cosmovum
100%
aaabcegrrr Crabagarre
100%
cdeeiinrsst Denticrisse
100%
aaddloo Dodoala
100%
acdei Écaïd
100%
ceeeffhl Efflèche
100%
aeeikrs Ékaïser
100%
aaagikmt Katagami
100%
aallnu Lunala
100%
iiimmqu Mimiqui
100%
nnnooorsuu Nounourson
100%
ikoopsuv Sovkipou
100%
ddooops Spododo
100%
koooortt Tokotoro
100%
iorttx Tritox
100%
eiimnv Vémini
100%
aaeorrz Zeraora
100%
deiorz Zéroïd
100%
cgmoos Cosmog
83%
aaaqru Araqua
75%
abbceeeill Bébécaille
75%
cmooostu Mouscoto
75%
aafilmou Flamiaou
67%
aadhmorsw Marshadow
67%
eemnot Météno
67%
abcoort Rocabot
67%
aeiilllsv Silvallié
67%
epty0 Type:0
67%
aaadelmmnr Malamandre
60%
aefmotuu Matoufeu
60%
accdehru Archéduc
50%
aegorstu Argouste
50%
abceefilr Câblifère
50%
acdeinn Candine
50%
cehlorsu Chelours
50%
abcceffmnoo Concombaffe
50%
aaaegmnr Magearna
50%
aglmnnootu Manglouton
50%
aelmnt Meltan
50%
aiimmnst Mimantis
50%
aaioorrt Oratoria
50%
aeelorttt Otarlette
50%
aacipsstu Picassaut
50%
bbeellmoru Rubombelle
50%
aeeiorrstv Vorastérie
50%
aabmotu Boumata
40%
aabcnouz Bazoucan
33%
agnoortuu Gouroutan
33%
aacemqrrtu Quartermac
33%
aeglloos Solgaleo
33%
adeegmortu Togedemaru
33%
iknooopty Tokopiyon
33%
bbdiinoru Brindibou
25%
aabbceilmnor Crabominable
25%
adeegilnru Guérilande
25%
adillmnnor Mandrillon
25%
aeellmmt Melmetal
25%
ceeinrsu Sucreine
25%
bdeiottu Tiboudet
20%
aaaamm Ama-Ama
0%
aabbchou Bacabouh
0%
abbeeillmos Bamboiselle
0%
acceelnorv Cancrelove
0%
acehilprsy Chrysapile
0%
ceinoqru Croquine
0%
adeilru Draïeul
0%
aeglnnortuy Engloutyran
0%
eeffilnnor Félinferno
0%
aafilmnorst Floramantis
0%
adefinorrssu Froussardine
0%
agilmnnop Lampignon
0%
abeillruv Larvibule
0%
acglooru Lougaroc
0%
aclnnou Lucanon
0%
acemnorz Necrozma
0%
ainoqtu Otaquin
0%
aciilnopr Piclairon
0%
eeiikknoprrt Pierroteknik
0%
eeillmnpu Plumeline
0%
adeeeiprrst Prédastérie
0%
aaimrrsu Sarmuraï
0%
aiiilnrsst Sinistrail
0%
abeellnrtu Tarenbulle
0%
cikooopst Tokopisco
0%
cikooort Tokorico
0%
aabeelprsst Trépassable
0%
Aucun quiz correspondant
Distribution des résultats
% des personnes avec chaque résultat
Percentile par nombre de réponses
Votre historique - résultats
Vous n’avez pas pris ce quiz